Pieter de Hooch : (Record no. 22556)

000 -LEADER
fixed length control field 02002cam a22003854a 4500
001 - CONTROL NUMBER
control field 14313720
003 - CONTROL NUMBER IDENTIFIER
control field OSt
005 - DATE AND TIME OF LATEST TRANSACTION
control field 20170124120028.0
008 - FIXED-LENGTH DATA ELEMENTS--GENERAL INFORMATION
fixed length control field 060324s2006 caua b 001 0deng
010 ## - LIBRARY OF CONGRESS CONTROL NUMBER
LC control number 2006010091
020 ## - INTERNATIONAL STANDARD BOOK NUMBER
International Standard Book Number 0892368446 (pbk.)
020 ## - INTERNATIONAL STANDARD BOOK NUMBER
International Standard Book Number 9780892368440 (pbk.)
035 ## - SYSTEM CONTROL NUMBER
System control number (OCoLC)ocm65207113
035 ## - SYSTEM CONTROL NUMBER
System control number (OCoLC)65207113
040 ## - CATALOGING SOURCE
Original cataloging agency DLC
Transcribing agency DLC
Modifying agency BAKER
-- BTCTA
-- C#P
-- YDX
-- YDXCP
-- YUS
-- DLC
042 ## - AUTHENTICATION CODE
Authentication code pcc
050 00 - LIBRARY OF CONGRESS CALL NUMBER
Classification number ND653.H75
Item number A73 2006
082 00 - DEWEY DECIMAL CLASSIFICATION NUMBER
Classification number 759.9492
Edition number 22
100 1# - MAIN ENTRY--PERSONAL NAME
Personal name Franits, Wayne E.
245 10 - TITLE STATEMENT
Title Pieter de Hooch :
Remainder of title A woman preparing bread and butter for a boy /
Statement of responsibility, etc. Wayne Franits.
260 ## - PUBLICATION, DISTRIBUTION, ETC. (IMPRINT)
Place of publication, distribution, etc. Los Angeles :
Name of publisher, distributor, etc. J. Paul Getty Museum,
Date of publication, distribution, etc. c2006.
300 ## - PHYSICAL DESCRIPTION
Extent 86 p. :
Other physical details ill. (some col.) ;
Dimensions 24 cm.
440 #0 - SERIES STATEMENT/ADDED ENTRY--TITLE
Title Getty Museum studies on art
504 ## - BIBLIOGRAPHY, ETC. NOTE
Bibliography, etc Includes bibliographical references (p. 79) and index.
505 0# - FORMATTED CONTENTS NOTE
Formatted contents note Introduction -- Pieter de Hooch: his life and development as an artist -- Pieter de Hooch and the representation of domesticity in Dutch art -- Pieter de Hooch and the marketing of domestic imagery in the Dutch Republic -- Notes -- Select bibliography -- Index -- Acknowledgments.
600 10 - SUBJECT ADDED ENTRY--PERSONAL NAME
Personal name Hooch, Pieter de.
Title of a work Woman preparing bread and butter for a boy.
600 10 - SUBJECT ADDED ENTRY--PERSONAL NAME
Personal name Hooch, Pieter de
General subdivision Criticism and interpretation.
700 1# - ADDED ENTRY--PERSONAL NAME
Personal name Hooch, Pieter de.
710 2# - ADDED ENTRY--CORPORATE NAME
Corporate name or jurisdiction name as entry element J. Paul Getty Museum.
856 41 - ELECTRONIC LOCATION AND ACCESS
Materials specified Table of contents only
Uniform Resource Identifier <a href="http://www.loc.gov/catdir/toc/ecip0611/2006010091.html">http://www.loc.gov/catdir/toc/ecip0611/2006010091.html</a>
856 42 - ELECTRONIC LOCATION AND ACCESS
Materials specified Contributor biographical information
Uniform Resource Identifier <a href="http://www.loc.gov/catdir/enhancements/fy0723/2006010091-b.html">http://www.loc.gov/catdir/enhancements/fy0723/2006010091-b.html</a>
856 42 - ELECTRONIC LOCATION AND ACCESS
Materials specified Publisher description
Uniform Resource Identifier <a href="http://www.loc.gov/catdir/enhancements/fy0723/2006010091-d.html">http://www.loc.gov/catdir/enhancements/fy0723/2006010091-d.html</a>
906 ## - LOCAL DATA ELEMENT F, LDF (RLIN)
a 7
b cbc
c orignew
d 1
e ecip
f 20
g y-gencatlg
942 ## - ADDED ENTRY ELEMENTS (KOHA)
Source of classification or shelving scheme
Koha item type Hard Covered Materials
Classification part ND 653 .H75 A73 2006
Holdings
Withdrawn status Lost status Source of classification or shelving scheme Damaged status Not for loan Home library Current library Shelving location Date acquired Source of acquisition Total Checkouts Full call number Barcode Date last seen Price effective from Koha item type
          MACHAKOS UNIVERSITY LIBRARY MACHAKOS UNIVERSITY LIBRARY Technical section 24/01/2017 Donation(B.F.A)   ND 653 .H75 A73 2006 32074 05/07/2018 24/01/2017 Hard Covered Materials
© Machakos University Library, Along The Highway, Machakos Wote Rd, Machakos, Kenya P.O. Box 136 - 90100 Machakos - Kenya

Tel: ( +254 ) 723 805829 OR Fax : 044-20353 OR Email: library@mksu.ac.ke